00712nam a2200181 a 450000500170000000800410001702000180005805000240007610000190010024501260011926000600024530000160030544000240032152000400034565000120038599900190039795201140041620140412111230.0010523s19uu xx 00 eng d a0-8224-1307-8 aTR(GS 411bT44 1987 aTiedt, Iris M. aCatching the writing express, grades 2-4 :blessons from the South Bay writing project /cIris M. Tiedt and Lisa Johnson. aBelmont, California :bDavid S. Lake Publishers,c1987. a92p. ; ill. aFearon Teacher Aids aLesson plans and reproducible pages aWriting c102153d102153 001040aELbELcTRd2001-05-23eLib. Fundl0oTR(GS 411 T44 1987pE0644r2014-04-12 00:00:00w2014-04-12yBK